Central Library OPAC University of Rajshahi

Studies in war economics : (Record no. 5686)

MARC details
000 -LEADER
fixed length control field 00931cam a22002531 4500
001 - CONTROL NUMBER
control field 5686
003 - CONTROL NUMBER IDENTIFIER
rucl marc code BD-RjUL
005 - DATE AND TIME OF LATEST TRANSACTION
control field 20211208234117.0
008 - FIXED-LENGTH DATA ELEMENTS--GENERAL INFORMATION
fixed length control field 140106s1947 enka bs 000 0 eng
035 ## - SYSTEM CONTROL NUMBER
System control number (BD-RjUL)5725
040 ## - CATALOGING SOURCE
Original cataloging agency DLC
Transcribing agency DLC
Modifying agency BD-RjUL
Language of cataloging eng
041 ## - LANGUAGE CODE
Language code of text/sound track or separate title eng
082 04 - DEWEY DECIMAL CLASSIFICATION NUMBER
Author mark and year STU 1947
Edition number 20
Classification number 940.53
110 2# - MAIN ENTRY--CORPORATE NAME
Corporate name or jurisdiction name as entry element University of Oxford.
Subordinate unit Institute of Economics and Statistics.
9 (RLIN) 18127
245 10 - TITLE STATEMENT
Title Studies in war economics :
Remainder of title a selection of articles reprinted from the Bulletin of the Institute of Statistics and other periodicals /
260 ## - PUBLICATION, DISTRIBUTION, ETC. (IMPRINT)
Place of publication, distribution, etc. Oxford :
Name of publisher, distributor, etc. B. Blackwell,
Date of publication, distribution, etc. 1947.
300 ## - PHYSICAL DESCRIPTION
Pagination vii, 410 p. :
Illustrations ill.diagrs., tables. ;
Size 22 cm.
504 ## - BIBLIOGRAPHY, ETC. NOTE
Bibliography, etc Bibliographical footnotes.
650 #0 - SUBJECT ADDED ENTRY--TOPICAL TERM
Topical term or geographic name as entry element World War, 1939-1945
General subdivision Economic aspects
Geographic subdivision Great Britain.
9 (RLIN) 10318
651 #0 - SUBJECT ADDED ENTRY--GEOGRAPHIC NAME
Geographic name Great Britain
General subdivision Economic conditions
Chronological subdivision 1918-1945.
9 (RLIN) 6070
Geographic name Great Britain
General subdivision Statistics.
9 (RLIN) 17857
942 ## - ADDED ENTRY ELEMENTS (KOHA)
Source of classification or shelving scheme Dewey Decimal Classification
Koha item type Books
Holdings
Lost status Source of classification or shelving scheme Damaged status Not for loan Collection code Permanent Location Current Location Shelving location Date acquired Source of acquisition Cost, normal purchase price Total Checkouts Full call number Date last seen Copy number Koha item type
  Dewey Decimal Classification   Not For Loan Non-fiction Central Library, University of Rajshahi Central Library, University of Rajshahi   26/08/2061 Dr. A. I. Qurishi 25.00   940.53 STU 1947 06/01/2014 C-1 Books